[Event "Nothing out of the ordinary"]
[Site "SchemingMind.com"]
[Date "2006.05.11"]
[Round "-"]
[White "gz4bkn"]
[Black "asperse"]
[Result "1-0"]
[WhiteCountry "USA"]
[BlackCountry "ENG"]
[WhiteElo "1304"]
[WhiteRD "81"]
[BlackElo "1306"]
[BlackRD "67"]
[GameID "50393"]

1. c4 Nf6 2. Nc3 d5 3. e4 dxe4 4. d3 exd3 5. Bxd3 e6 6. Nf3 Bc5 7. O-O O-O 8. a3 Nc6 9. Bc2 Qxd1 10. Rxd1 Bd7
11. Bf4 Bd6 12. Bxd6 cxd6 13. Rxd6 Rad8 14. Rad1 h6 15. Ne4 Nxe4 16. Bxe4 Na5 17. Ne5 Nxc4 18. Nxc4 f6 19. Rxd7 Rxd7 20. Rxd7 b5
21. Nd6 f5 22. Bc2 g6 23. Rxa7 Rd8 24. Ra6 Rd7 25. g3 Rc7 26. Bb3 Rc1+ 27. Kg2 Rb1 28. Bxe6+ Kg7 29. b4 Kf6 30. Bd7 Ke7
31. Bxb5 Rb2 32. Nc4 Rc2 33. Rxg6 h5 34. a4 Rc3 35. Ne3 f4 36. Nd5+
1-0

[Event "Nothing out of the ordinary"]
[Site "SchemingMind.com"]
[Date "2006.05.11"]
[Round "-"]
[White "gz4bkn"]
[Black "Scotty919"]
[Result "1-0"]
[WhiteCountry "USA"]
[BlackCountry "ENG"]
[WhiteElo "1429"]
[WhiteRD "76"]
[BlackElo "1207"]
[BlackRD "77"]
[GameID "50394"]

1. c4 Nf6 2. Nc3 g6 3. Nf3 d6 4. e4 c5 5. d4 b6 6. d5 Bg4 7. Be2 Na6 8. h3 Bxf3 9. Bxf3 h5 10. O-O Bh6
11. Bxh6 Rxh6 12. Qa4+ Nd7 13. Qxa6 f5 14. exf5 gxf5 15. Nb5 Qb8 16. Rfe1 Kf7 17. Re2 h4 18. Rae1 Kg6 19. Rxe7 Nf6 20. R7e6 Kg7
21. Nxd6 Rh8 22. Nxf5+
1-0

[Event "Nothing out of the ordinary"]
[Site "SchemingMind.com"]
[Date "2006.05.11"]
[Round "-"]
[White "gz4bkn"]
[Black "iain"]
[Result "0-1"]
[WhiteCountry "USA"]
[BlackCountry "USA"]
[WhiteElo "1304"]
[WhiteRD "81"]
[BlackElo "1230"]
[BlackRD "76"]
[GameID "50395"]

1. c4 Nf6 2. Nc3 g6 3. d4 Bg7 4. Nf3 O-O 5. Bf4 d6 6. e3 Re8 7. Be2 Nh5 8. O-O Nxf4 9. exf4 Nd7 10. Re1 e5
11. Nd5 exd4 12. Nxd4 c5 13. Nb5 Rf8 14. Nxd6 Bxb2 15. Rb1 Bd4 16. Nxb7 Bxb7 17. Rxb7 Nf6 18. Qb3 Nxd5 19. cxd5 Qf6 20. Qf3 a5
21. Bc4 Rfe8 22. Rxe8+ Rxe8 23. g3 Rd8 24. Ra7 Bc3 25. Qe3 Bd4 26. Qe7 Bxf2+ 27. Kxf2 Qd4+ 28. Kf3 Rf8 29. d6 Qxc4 30. d7 Qd3+
31. Kg4 Qd1+ 32. Kh4 Qh5#
0-1

[Event "Nothing out of the ordinary"]
[Site "SchemingMind.com"]
[Date "2006.05.11"]
[Round "-"]
[White "gz4bkn"]
[Black "Dr_Pat"]
[Result "0-1"]
[WhiteCountry "USA"]
[BlackCountry "USA"]
[WhiteElo "1402"]
[WhiteRD "75"]
[BlackElo "1469"]
[BlackRD "51"]
[GameID "50396"]

1. c4 Nf6 2. Nc3 e6 3. f3 Be7 4. d4 d5 5. e4 dxe4 6. Nxe4 Nxe4 7. fxe4 c5 8. Nf3 Nc6 9. d5 exd5 10. exd5 Nd4
11. Nxd4 cxd4 12. Qxd4 O-O 13. Bd3 Bf6 14. Qc5 Re8+ 15. Kd2 b6 16. Qf2 b5 17. c5 Qxd5 18. Rb1 Ba6 19. b3 Rad8 20. Qg3 b4
21. Bb2 Bxd3 22. Bxf6 Bxb1+ 23. Kc1 Qxc5+ 24. Kxb1 Qf5+ 25. Ka1 Qxf6+ 26. Kb1 Rc8 27. Rd1 Rc3 28. Qd6 Qxd6 29. Rxd6 Re1+ 30. Kb2 Re2+
31. Kb1 g5 32. Ra6 Rxg2 33. Rxa7 Rf3 34. Rc7 Rf1+ 35. Rc1 Rxc1+ 36. Kxc1 Rxh2 37. a4 g4 38. Kd1 Rf2 39. Ke1 Rf6 40. a5 g3
41. a6 Rxa6 42. Kf1 Ra3 43. Kg2 Rxb3 44. Kf1 Rc3 45. Ke1 b3 46. Kd2 Rc8 47. Ke2 b2 48. Kf3 Rc3+ 49. Kf4 g2 50. Ke5 b1=Q
51. Kd4 Qd3+ 52. Ke5 g1=Q 53. Kf4 Qgg3#
0-1

[Event "Nothing out of the ordinary"]
[Site "SchemingMind.com"]
[Date "2006.05.11"]
[Round "-"]
[White "gz4bkn"]
[Black "knightrider"]
[Result "0-1"]
[WhiteCountry "USA"]
[BlackCountry "USA"]
[WhiteElo "1304"]
[WhiteRD "81"]
[BlackElo "1364"]
[BlackRD "65"]
[GameID "50397"]

1. c4 Nf6 2. Nc3 e5 3. e4 g6 4. d3 c5 5. Bg5 Bg7 6. Nd5 h6 7. Nxf6+ Bxf6 8. Bxf6 Qxf6 9. Nf3 O-O 10. Qd2 Kg7
11. h4 d6 12. Be2 Nc6 13. Qe3 Nb4 14. Bd1 a6 15. Rh3 Bxh3 16. gxh3 b5 17. Ng1 Qxh4 18. Bg4 Nc2+
0-1

[Event "Nothing out of the ordinary"]
[Site "SchemingMind.com"]
[Date "2006.05.11"]
[Round "-"]
[White "gz4bkn"]
[Black "mart_r3000"]
[Result "1-0"]
[WhiteCountry "USA"]
[BlackCountry "ENG"]
[WhiteElo "1304"]
[WhiteRD "81"]
[BlackElo "1260"]
[BlackRD "61"]
[GameID "50398"]

1. c4 Nf6 2. Nc3 e6 3. Nf3 Nc6 4. b3 d5 5. d4 Bb4 6. Bb2 O-O 7. a3 Bd6 8. Qb1 g6 9. e4 dxe4 10. Nxe4 Be7
11. Be2 Ng4 12. h3 Nh6 13. O-O f5 14. Nc5 b6 15. Nd3 f4 16. Nde5 Na5 17. Bc1 Qd6 18. Nxg6 Rf5 19. Nxe7+ Qxe7 20. Bd3 Rh5
21. Bxf4 Qg7 22. Be5 Qf8 23. Bxh7+ Kf7 24. Bg6+ Ke7 25. Bxh5 Qg8 26. Bxc7 e5 27. Nxe5 Qg5 28. Qh7+ Ke6 29. Bg4+ Nxg4 30. Nxg4 Nc6
31. Rfe1+
1-0

[Event "Nothing out of the ordinary"]
[Site "SchemingMind.com"]
[Date "2006.05.11"]
[Round "-"]
[White "asperse"]
[Black "gz4bkn"]
[Result "0-1"]
[WhiteCountry "ENG"]
[BlackCountry "USA"]
[WhiteElo "1306"]
[WhiteRD "67"]
[BlackElo "1304"]
[BlackRD "81"]
[GameID "50399"]

1. c4 Nf6 2. Nc3 g6 3. d4 Bg7 4. e3 e6 5. Bd3 O-O 6. Nf3 Nc6 7. O-O d5 8. cxd5 exd5 9. b3 Nb4 10. Ba3 a5
11. Nb5 Re8 12. Bxb4 axb4 13. Qc1 c6 14. Na3 bxa3 15. h3 Ne4 16. Bxe4 dxe4 17. Nd2 Qg5 18. Nc4 Bxh3 19. g3 Bxf1 20. Kxf1 c5
21. dxc5 Bxa1 22. Qxa1 Qxc5 23. g4 b5 24. Nd2 Rad8 25. b4 Qc2 26. Nxe4 Qxe4 27. Qc1 Qh1+
0-1

[Event "Nothing out of the ordinary"]
[Site "SchemingMind.com"]
[Date "2006.05.11"]
[Round "-"]
[White "Scotty919"]
[Black "gz4bkn"]
[Result "0-1"]
[WhiteCountry "ENG"]
[BlackCountry "USA"]
[WhiteElo "1207"]
[WhiteRD "77"]
[BlackElo "1429"]
[BlackRD "76"]
[GameID "50400"]

1. c4 Nf6 2. Nc3 g6 3. g3 Bg7 4. e4 Nc6 5. Nf3 e5 6. d3 d6 7. Bg5 h6 8. Bxf6 Qxf6 9. Nd5 Qd8 10. h4 Bg4
11. Bh3 Bxf3 12. Qxf3 Nd4 13. Qd1 c6 14. Ne3 O-O 15. O-O Qf6 16. Bg2 b5 17. cxb5 Nxb5 18. Qc2 Nd4 19. Qd1 Rfd8 20. Rc1 Rab8
21. b3 h5 22. f3 Bh6
0-1

[Event "Nothing out of the ordinary"]
[Site "SchemingMind.com"]
[Date "2006.05.11"]
[Round "-"]
[White "iain"]
[Black "gz4bkn"]
[Result "0-1"]
[WhiteCountry "USA"]
[BlackCountry "USA"]
[WhiteElo "1230"]
[WhiteRD "76"]
[BlackElo "1304"]
[BlackRD "81"]
[GameID "50401"]

1. c4 Nf6 2. Nc3 g6 3. Nf3 Bg7 4. e3 d6 5. Be2 e5 6. O-O e4 7. Ne1 O-O 8. d3 Be6 9. Nc2 Nc6 10. dxe4 Re8
11. Nd4 Bd7 12. Bf3 Ne5 13. b3 Nxf3+ 14. Qxf3 Bg4 15. Qg3 h5 16. h3 Bd7 17. Qf3 c5 18. Ndb5 Bc6 19. Rd1 Nxe4 20. Nxd6 Nxd6
21. e4 Bxe4 22. Qg3 Bxc3 23. Rb1 Be5 24. Qe3 Bxb1 25. Ba3 Bxa2 26. Bxc5 Bh2+ 27. Kxh2 Rxe3
0-1

[Event "Nothing out of the ordinary"]
[Site "SchemingMind.com"]
[Date "2006.05.11"]
[Round "-"]
[White "Dr_Pat"]
[Black "gz4bkn"]
[Result "0-1"]
[WhiteCountry "USA"]
[BlackCountry "USA"]
[WhiteElo "1469"]
[WhiteRD "51"]
[BlackElo "1402"]
[BlackRD "75"]
[GameID "50402"]

1. c4 Nf6 2. Nc3 g6 3. d4 d6 4. e4 Bg7 5. Nf3 O-O 6. Bd3 c5 7. dxc5 dxc5 8. O-O Nc6 9. Be3 Nd7 10. Rb1 Nde5
11. Nxe5 Nxe5 12. Be2 Qc7 13. Nd5 Qd6 14. Bf4 e6 15. Nc3 Qc6 16. Qc1 Rd8 17. Bxe5 Bxe5 18. f3 b6 19. Rd1 Ba6 20. Rxd8+ Rxd8
21. Qg5 f6 22. Qh6 Bxc3 23. bxc3 Qa4 24. Qc1 Bxc4 25. Bxc4 Qxc4 26. a3 Rd3 27. Qf4 Qxc3 28. Qc1 Qd4+ 29. Kh1 Rc3 30. Qb2 Rd3
31. Qxd4 cxd4 32. a4 Rc3 33. h4 d3 34. Kg1 d2
0-1

[Event "Nothing out of the ordinary"]
[Site "SchemingMind.com"]
[Date "2006.05.11"]
[Round "-"]
[White "knightrider"]
[Black "gz4bkn"]
[Result "1-0"]
[WhiteCountry "USA"]
[BlackCountry "USA"]
[WhiteElo "1364"]
[WhiteRD "65"]
[BlackElo "1304"]
[BlackRD "81"]
[GameID "50403"]

1. c4 Nf6 2. Nc3 g6 3. e4 d6 4. Nf3 Bg7 5. d4 Bg4 6. e5 dxe5 7. dxe5 Qxd1+ 8. Nxd1 Ne4 9. h3 Bxf3 10. gxf3 Nc5
11. b4 Bxe5 12. Rb1 Na4 13. Bg2 Nc3 14. Nxc3 Bxc3+ 15. Bd2 Bxd2+ 16. Kxd2 O-O 17. b5 Nd7 18. Rhd1 Ne5 19. Rbc1 Rad8+ 20. Ke2 g5
21. Kf1 c5 22. f4 gxf4 23. Bxb7 Rd6 24. Be4 Rfd8 25. Re1 Rd4 26. f3 e6 27. Kf2 f5 28. Bxf5 Nd3+ 29. Bxd3 Rxd3 30. Rxe6 Rd2+
31. Re2 Kf7 32. a4 Rxe2+ 33. Kxe2 Ke6 34. Rd1 Rd6 35. Rxd6+ Kxd6 36. Kd3 a5 37. Ke4 Ke6 38. Kxf4 h6 39. Kg4 Ke7 40. Kh5 Ke6
41. Kxh6 Kd6 42. h4 Ke6 43. Kg6 Ke5 44. h5 Kd4 45. b6 Kxc4 46. b7 Kd4 47. b8=Q c4 48. h6 c3 49. Qb1 Kc4 50. Qc1 Kb3
51. h7 c2 52. h8=Q Kb4 53. Qxc2 Ka3 54. Qhc3#
1-0

[Event "Nothing out of the ordinary"]
[Site "SchemingMind.com"]
[Date "2006.05.11"]
[Round "-"]
[White "mart_r3000"]
[Black "gz4bkn"]
[Result "0-1"]
[WhiteCountry "ENG"]
[BlackCountry "USA"]
[WhiteElo "1260"]
[WhiteRD "61"]
[BlackElo "1304"]
[BlackRD "81"]
[GameID "50404"]

1. c4 Nf6 2. Nc3 g6 3. e4 Bg7 4. d4 d6 5. Nf3 O-O 6. Ng5 h6 7. Nh3 Bg4 8. f3 Bxh3 9. gxh3 e5 10. d5 c6
11. Bd3 Nh5 12. Be3 Qf6 13. Rf1 Qh4+ 14. Bf2 Qxh3 15. c5 Nf4 16. Bc4 Qxh2 17. Kd2 Nh3 18. Qe2 Qf4+ 19. Be3 Qh4 20. cxd6 Nf4
21. Qd1 Rd8 22. Qb3 Ng2 23. Qxb7 Nxe3 24. Kxe3 Nd7 25. dxc6 Qg5+ 26. Ke2 Nc5 27. Qxf7+ Kh8 28. c7 Rdc8 29. Rad1 Bf6 30. Nd5 Nxe4
31. fxe4 Qg2+ 32. Rf2 Qg4+ 33. Kd2 Bg5+ 34. Ne3 Bxe3+ 35. Kxe3 Qxd1 36. Rh2 Qd4+ 37. Kf3 h5 38. Qxg6 Rf8+ 39. Bf7 Qd1+ 40. Kg3 Qe1+
41. Kh3 Qf1+ 42. Rg2 Qxf7 43. Qh6+ Qh7 44. Qe6 Qxe4 45. d7 Qf3+ 46. Rg3 Qh1#
0-1

[Event "Nothing out of the ordinary"]
[Site "SchemingMind.com"]
[Date "2006.05.18"]
[Round "-"]
[White "toguints"]
[Black "asperse"]
[Result "0-1"]
[WhiteCountry "PHI"]
[BlackCountry "ENG"]
[WhiteElo "1412"]
[WhiteRD "66"]
[BlackElo "1306"]
[BlackRD "67"]
[GameID "51247"]

1. c4 Nf6 2. Nc3 c5 3. Nf3 d5 4. e3 e6 5. cxd5 exd5 6. h3 Bd6 7. d4 cxd4 8. Nxd4 O-O 9. Bd3 g6 10. b3 Nc6
11. e4 Nxd4 12. O-O Qe8 13. exd5 Qe5 14. Nb5 Qh2#
0-1

[Event "Nothing out of the ordinary"]
[Site "SchemingMind.com"]
[Date "2006.05.18"]
[Round "-"]
[White "toguints"]
[Black "gz4bkn"]
[Result "0-1"]
[WhiteCountry "PHI"]
[BlackCountry "USA"]
[WhiteElo "1384"]
[WhiteRD "60"]
[BlackElo "1402"]
[BlackRD "75"]
[GameID "51249"]

1. c4 Nf6 2. Nc3 g6 3. Nf3 Bg7 4. Qb3 e6 5. e3 d5 6. Bd3 Ne4 7. Nxe4 dxe4 8. Bxe4 Nc6 9. a3 O-O 10. Bxc6 bxc6
11. d4 Qe7 12. Bd2 Rd8 13. O-O e5 14. Bc3 Bg4 15. Nxe5 Bxe5 16. dxe5 Rd3 17. Qb7 Rad8 18. Qxc6 Qd7 19. Qxd7 R8xd7 20. f3 Be6
21. Bd4 a5 22. Rfc1 Bf5 23. e4 Bxe4 24. fxe4 R3xd4 25. Rd1 Rxd1+ 26. Rxd1 Rxd1+ 27. Kf2 Rd2+ 28. Ke3 Rxb2 29. Kd4 Ra2 30. c5 Rxa3
31. Kd5 Rb3 32. Kc6 a4 33. Kxc7 a3 34. Kd6 a2 35. c6 Rd3+ 36. Ke7 Kg7 37. c7 a1=Q 38. c8=Q Qxe5+ 39. Qe6 Qxe6#
0-1

[Event "Nothing out of the ordinary"]
[Site "SchemingMind.com"]
[Date "2006.05.18"]
[Round "-"]
[White "toguints"]
[Black "iain"]
[Result "0-1"]
[WhiteCountry "PHI"]
[BlackCountry "USA"]
[WhiteElo "1384"]
[WhiteRD "60"]
[BlackElo "1349"]
[BlackRD "61"]
[GameID "51250"]

1. c4 Nf6 2. Nc3 g6 3. e4 d6 4. d4 Bg7 5. Nf3 O-O 6. Bd3 c5 7. dxc5 dxc5 8. Be3 Re8 9. Bxc5 b6 10. Bd4 Nc6
11. Be3 Nb4 12. Ne5 Bb7 13. a3 Nxd3+ 14. Nxd3 Nxe4 15. Rc1 Nxc3 16. bxc3 Bxg2 17. Rg1 Bb7 18. Qb3 Qxd3 19. Rg3 Qe4 20. Kf1 Qh1+
21. Rg1 Qxh2 22. Rc2 Rad8 23. f3 Rd1#
0-1

[Event "Nothing out of the ordinary"]
[Site "SchemingMind.com"]
[Date "2006.05.18"]
[Round "-"]
[White "toguints"]
[Black "Dr_Pat"]
[Result "0-1"]
[WhiteCountry "PHI"]
[BlackCountry "USA"]
[WhiteElo "1384"]
[WhiteRD "60"]
[BlackElo "1469"]
[BlackRD "51"]
[GameID "51251"]

1. c4 Nf6 2. Nc3 e6 3. d3 Bb4 4. Bd2 d5 5. Qa4+ Nc6 6. a3 Bxc3 7. Bxc3 O-O 8. Nf3 Bd7 9. Bb4 Nxb4 10. Qxb4 b6
11. e3 c5 12. Qc3 d4 13. Qc2 dxe3 14. fxe3 Ng4 15. Qe2 Nf6 16. g3 Rb8 17. Bg2 Re8 18. b4 e5 19. O-O e4 20. dxe4 Bg4
21. h3 Bxf3 22. Bxf3 Nxe4 23. Bxe4 Rxe4 24. Qf3 Qe8 25. Rae1 Rxc4 26. bxc5 Rxc5 27. Rc1 Rxc1 28. Rxc1 h6 29. Rc7 a5 30. e4 Rc8
31. Rb7 Rc1+ 32. Kf2 b5 33. Qf4 Rc2+ 34. Ke3 Rc3+ 35. Kd4 Rxa3 36. h4 Ra4+ 37. Kc5 b4 38. Qe5 Qxe5+ 39. Kc4 Qxe4+ 40. Kb3 Ra3+
41. Kb2 Qe2+ 42. Kb1 Rb3+ 43. Ka1 Qb2#
0-1

[Event "Nothing out of the ordinary"]
[Site "SchemingMind.com"]
[Date "2006.05.18"]
[Round "-"]
[White "toguints"]
[Black "knightrider"]
[Result "1-0"]
[WhiteCountry "PHI"]
[BlackCountry "USA"]
[WhiteElo "1384"]
[WhiteRD "60"]
[BlackElo "1374"]
[BlackRD "61"]
[GameID "51252"]

1. c4 Nf6 2. Nc3 e5 3. d3 Nc6 4. Nf3 Bc5 5. e4 h6 6. Be2 O-O 7. O-O d6 8. Na4 a6 9. Nxc5 dxc5 10. b3 b6
11. Bb2 Nd4 12. Nxe5 Nxe2+ 13. Qxe2 Qd6 14. Qf3 b5 15. Rfe1 b4 16. h3 a5 17. Rad1 a4 18. Rb1 a3 19. d4 axb2 20. Rxb2 Qxd4
21. Nd3 Qc3 22. e5 Re8 23. Rbe2 Be6 24. Re3 Bd7 25. Nxc5 Qd2 26. exf6 gxf6 27. Qxf6 Rxe3 28. Rxe3 Rxa2 29. Rf3 Qg5 30. Qxf7+ Kh8
31. Rg3 Qxg3 32. fxg3
1-0

[Event "Nothing out of the ordinary"]
[Site "SchemingMind.com"]
[Date "2006.05.18"]
[Round "-"]
[White "toguints"]
[Black "mart_r3000"]
[Result "1-0"]
[WhiteCountry "PHI"]
[BlackCountry "ENG"]
[WhiteElo "1412"]
[WhiteRD "66"]
[BlackElo "1260"]
[BlackRD "61"]
[GameID "51253"]

1. c4 Nf6 2. Nc3 c5 3. Nf3 e6 4. d3 Qa5 5. Bd2 Nc6 6. Nb5 Nb4 7. a3 Nxd3+ 8. exd3 Qc7 9. Nxc7+ Kd8 10. Nxa8 Bd6
11. Bg5 Re8 12. d4 h6 13. dxc5 Bxc5 14. Bxf6+ gxf6 15. Nd4 a6 16. b4 Bd6 17. c5 Bf4 18. Bd3 e5 19. Nf5 d5 20. Nb6 e4
21. Nd6 Rg8 22. Nxd5 Rxg2 23. Bxe4 Bg4 24. Nxb7+ Kc8 25. Ne7+ Kb8 26. Qd8+ Ka7 27. Qb6+ Kb8 28. Nd6#
1-0

[Event "Nothing out of the ordinary"]
[Site "SchemingMind.com"]
[Date "2006.05.19"]
[Round "-"]
[White "asperse"]
[Black "toguints"]
[Result "1/2-1/2"]
[WhiteCountry "ENG"]
[BlackCountry "PHI"]
[WhiteElo "1314"]
[WhiteRD "68"]
[BlackElo "1384"]
[BlackRD "60"]
[GameID "51254"]

1. c4 Nf6 2. Nc3 e5 3. e4 Nc6 4. d3 Bb4 5. Bd2 O-O 6. Be2 b6 7. a3 Bc5 8. Nh3 d6 9. O-O h6 10. g3 Bxh3
11. Re1 Qd7 12. Bf3 Bg4 13. Bxg4 Nxg4 14. Be3 Bd4 15. Bxd4 Nxd4 16. Nd5 c6 17. Nb4 a5 18. Nc2 Nb3 19. Rb1 d5 20. exd5 cxd5
21. cxd5 Qxd5 22. Ne3 Nxe3 23. Rxe3 Nc5 24. h4 Rfd8 25. f4 Qd4 26. Qd2 exf4 27. gxf4 Qxf4 28. Re8+ Rxe8 29. Qxf4 Nxd3 30. Qd2 Rad8
31. Qc2= Re5 32. Qc7 Rde8 33. Qc3=
1/2-1/2

[Event "Nothing out of the ordinary"]
[Site "SchemingMind.com"]
[Date "2006.05.20"]
[Round "-"]
[White "gz4bkn"]
[Black "toguints"]
[Result "1-0"]
[WhiteCountry "USA"]
[BlackCountry "PHI"]
[WhiteElo "1402"]
[WhiteRD "75"]
[BlackElo "1384"]
[BlackRD "60"]
[GameID "51256"]

1. c4 Nf6 2. Nc3 d5 3. cxd5 Nxd5 4. Nxd5 Qxd5 5. Nf3 e6 6. e3 Bb4 7. a3 Qa5 8. b3 Nc6 9. Bb2 Bf8 10. b4 Qd5
11. d4 Be7 12. Bd3 Bd6 13. Qc2 g6 14. O-O Bd7 15. e4 Qh5 16. h3 f6 17. d5 Ne5 18. Nxe5 fxe5 19. dxe6 Bxe6 20. b5 O-O-O
21. a4 Qg5 22. Kh2 h5 23. Bc1 Qf6 24. Be3 b6 25. Bc4 Bd7 26. g3 h4 27. a5 c6 28. axb6 axb6 29. Bxb6 Bc7 30. Bxc7 Kxc7
31. Bd3 Qe6 32. g4 Rhf8 33. Qc5 Qd6 34. Qa7+ Kc8 35. b6 Rde8 36. Qa8+ Qb8 37. Ba6+ Kd8 38. Qxb8+ Ke7 39. Qc7 Rf6 40. Qxe5+ Re6
41. Qg7+ Kd6 42. Rad1+ Kc5 43. Qd4#
1-0

[Event "Nothing out of the ordinary"]
[Site "SchemingMind.com"]
[Date "2006.05.20"]
[Round "-"]
[White "iain"]
[Black "toguints"]
[Result "0-1"]
[WhiteCountry "USA"]
[BlackCountry "PHI"]
[WhiteElo "1349"]
[WhiteRD "61"]
[BlackElo "1384"]
[BlackRD "60"]
[GameID "51257"]

1. c4 Nf6 2. Nc3 d5 3. cxd5 Nxd5 4. Nf3 e6 5. e4 Nb4 6. Be2 Bc5 7. O-O Nd7 8. d4 Bd6 9. e5 Be7 10. a3 Nd5
11. Qd3 Nf4 12. Qc2 Nxe2+ 13. Qxe2 f6 14. b4 f5 15. d5 Nb6 16. dxe6 Bxe6 17. Rd1 Nd7 18. Nb5 a6 19. Nbd4 Bd5 20. Nxf5 Bb3
21. Rd2 O-O 22. e6 Rxf5 23. Nd4 Re5 24. Qf3 Re1#
0-1

[Event "Nothing out of the ordinary"]
[Site "SchemingMind.com"]
[Date "2006.05.20"]
[Round "-"]
[White "Dr_Pat"]
[Black "toguints"]
[Result "1-0"]
[WhiteCountry "USA"]
[BlackCountry "PHI"]
[WhiteElo "1469"]
[WhiteRD "51"]
[BlackElo "1384"]
[BlackRD "60"]
[GameID "51258"]

1. c4 Nf6 2. Nc3 d5 3. cxd5 Nxd5 4. Nf3 e6 5. e4 Nb4 6. d4 Be7 7. a3 N4c6 8. Bd3 Nxd4 9. O-O O-O 10. Be3 Nxf3+
11. gxf3 Bg5 12. f4 Bh6 13. Ne2 Nc6 14. e5 b6 15. Nd4 Nxd4 16. Bxd4 Bxf4 17. Be3 Bxe5 18. Rb1 Bb7 19. Bxh7+ Kxh7 20. Qh5+ Kg8
21. Qxe5 Qd5 22. Qxd5 Bxd5 23. b4 f5 24. Bf4 c5 25. bxc5 b5 26. Rfe1 Bc4 27. Kg2 Rac8 28. Bd6 Rfe8 29. Kg3 g5 30. h4 gxh4+
31. Kxh4 Kf7 32. Kg5 Rg8+ 33. Kf4 e5+ 34. Kxe5 Rg5 35. f4 Rg4 36. Red1 Re8+ 37. Kd4 Re4+ 38. Kc3 Re3+ 39. Kb4 a5+ 40. Kxa5 Rxa3+
41. Kb6 Rg6 42. Re1 Rf3 43. Re7+ Kg8 44. Rbe1 Rxf4 45. Re8+ Kh7 46. Rd1 Rfg4 47. c6 Rg8 48. Rxg8 Rxg8 49. c7 Be6 50. Kxb5 Rg5
51. Kb6 Bc8 52. Bf4 Rg7 53. Rd8 Be6 54. Be5 Rf7 55. Rh8+ Kg6 56. Re8 Bd7 57. Rd8 Be6 58. Rd6 Rf8 59. Rxe6+ Kg5 60. Bd6 Rc8
61. Kb7 Rxc7+ 62. Bxc7 Kg4 63. Rg6+ Kf3 64. Rf6 Kg4 65. Kc6 Kg5 66. Rf8 Kg6 67. Kd5 f4 68. Bxf4 Kg7 69. Bd6 Kg6 70. Ke5 Kg7
71. Kf5 Kh7 72. Be5 Kh6 73. Rh8#
1-0

[Event "Nothing out of the ordinary"]
[Site "SchemingMind.com"]
[Date "2006.05.20"]
[Round "-"]
[White "knightrider"]
[Black "toguints"]
[Result "1-0"]
[WhiteCountry "USA"]
[BlackCountry "PHI"]
[WhiteElo "1374"]
[WhiteRD "61"]
[BlackElo "1384"]
[BlackRD "60"]
[GameID "51259"]

1. c4 Nf6 2. Nc3 e5 3. Nf3 d6 4. d3 Bg4 5. e4 Be7 6. Be2 O-O 7. Nd5 Nxd5 8. cxd5 Bxf3 9. Bxf3 c5 10. O-O Nd7
11. g3 h6 12. Bd2 a5 13. h4 Qc8 14. b3 b5 15. Be2 Nb6 16. Bg4 Qc7 17. Bh5 b4 18. Qg4 Kh7 19. Qf3 g6 20. Qg4 Rg8
21. Bxg6+ fxg6 22. f4 h5 23. Qe6 Rge8 24. Qf7+ Kh8 25. Qxg6 Bf8 26. f5 Qg7 27. Qxh5+ Qh7 28. Qxh7+ Kxh7 29. a4 Be7 30. f6 Bf8
31. Kg2 Kg6 32. f7 Re7 33. g4 Rxf7 34. h5+ Kg7 35. Rf5 Re8 36. g5 Nxd5 37. Rxf7+ Kxf7 38. g6+ Ke6 39. exd5+ Kf5 40. Rf1+ Kg4
41. h6 Kh5 42. g7 Bxg7 43. hxg7 Rg8 44. Rh1+ Kg6 45. Bh6 Kf5 46. Kf3 Kg6 47. Ke4 Kf7 48. Rf1+ Kg6 49. Rf8 Rxg7 50. Bxg7 Kxg7
51. Rd8 Kf6 52. Rxd6+ Ke7 53. Ra6 Kd7 54. Rxa5 Kd6 55. Ra6+ Kc7 56. Rc6+ Kd7 57. Kxe5 Ke7 58. a5 Kd7 59. a6 c4 60. a7 cxd3
61. a8=Q d2 62. Qb7+ Ke8 63. Rc8#
1-0

[Event "Nothing out of the ordinary"]
[Site "SchemingMind.com"]
[Date "2006.05.20"]
[Round "-"]
[White "mart_r3000"]
[Black "toguints"]
[Result "0-1"]
[WhiteCountry "ENG"]
[BlackCountry "PHI"]
[WhiteElo "1311"]
[WhiteRD "55"]
[BlackElo "1384"]
[BlackRD "60"]
[GameID "51260"]

1. c4 Nf6 2. Nc3 e5 3. Nf3 d6 4. d4 Qe7 5. d5 h6 6. Qa4+ Bd7 7. Qb4 b6 8. Nb5 Na6 9. Qa3 Bxb5 10. cxb5 Nc5
11. e3 Nxd5 12. e4 Nf6 13. Nd2 Ncxe4 14. Qf3 d5 15. Be2 O-O-O 16. Qf5+ Qd7 17. Qxe5 Bb4 18. Qd4 Bc5 19. Qa4 a5 20. Nb3 d4
21. Bd3 Qf5 22. f3 Rde8 23. O-O Bd6 24. g4 Qe5 25. f4 Qe6 26. h3 Nxg4 27. f5 Bh2+ 28. Kg2 Qe5 29. Rf3 Qd5 30. Bc4 Qd6
31. hxg4 Qe5 32. Bxf7 Rd8 33. Be6+ Kb8 34. Rd3 h5 35. g5 Bf4 36. Qc4 Nxg5 37. Nxd4 Rd6 38. Rc3 Rxd4 39. Qxc7+ Qxc7 40. Rxc7 Bxc7
41. Bxg5 Rg4+ 42. Kf3 Rxg5 43. a3 h4 44. Kf2 h3 45. Kf3 h2
0-1

[Event "Nothing out of the ordinary"]
[Site "SchemingMind.com"]
[Date "2006.05.18"]
[Round "-"]
[White "Mitchell-in"]
[Black "asperse"]
[Result "1-0"]
[WhiteCountry "ENG"]
[BlackCountry "ENG"]
[WhiteElo "1540"]
[WhiteRD "116"]
[BlackElo "1306"]
[BlackRD "67"]
[GameID "51314"]

1. c4 Nf6 2. Nc3 e5 3. Nf3 d6 4. e3 Be7 5. d4 Nc6 6. dxe5 dxe5 7. Qxd8+ Bxd8 8. Nd5 O-O 9. a3 e4 10. Nd2 Bf5
11. Nc3 Be7 12. h3 a5= 13. g4 Bg6 14. g5 Nh5 15. Ncxe4 Bxe4 16. Nxe4 g6 17. Be2 Ne5 18. O-O b6 19. f4 Nd7 20. Bxh5 gxh5
21. Bd2 Rad8 22. f5 f6 23. h4 fxg5 24. hxg5 h4 25. f6 Bxf6 26. gxf6 Kf7 27. Ng5+ Kg6 28. Ne6
1-0

[Event "Nothing out of the ordinary"]
[Site "SchemingMind.com"]
[Date "2006.05.20"]
[Round "-"]
[White "Mitchell-in"]
[Black "toguints"]
[Result "1/2-1/2"]
[WhiteCountry "ENG"]
[BlackCountry "PHI"]
[WhiteElo "1639"]
[WhiteRD "63"]
[BlackElo "1476"]
[BlackRD "61"]
[GameID "51316"]

1. c4 Nf6 2. Nc3 e5 3. Nf3 Nc6 4. d3 Bb4 5. a3 Bxc3+ 6. bxc3 h6 7. d4 d6 8. e3 Ne4 9. Bd3 Ng5 10. Nxg5 Qxg5
11. g3 Bd7 12. e4 Qf6 13. d5 Na5 14. O-O O-O-O 15. Bd2 g5 16. Rb1 b6 17. f4 Rdg8 18. fxg5 Qe7 19. gxh6 Nb7 20. Qb3 Nc5
21. Qc2 Ba4 22. Qb2 Nxd3 23. Qa1 Bc2 24. Rbc1 Nxc1 25. Qxc1 Bxe4 26. Qe1 Bd3 27. Rf3 e4 28. Rxd3 f5 29. Bf4 Re8 30. Re3 Qd7
31. Qd1 Reg8 32. Kf2 Rg6 33. Qh5 Rgg8 34. Qd1 c6 35. Qa4 b5 36. cxb5 cxb5 37. Qa6+ Qb7 38. Qxd6 Rd8 39. Qc5+ Kd7 40. Qd6+ Kc8
41. Qc5+ Kd7= 42. Qd6+ Kc8 43. Qe6+ Qd7 44. Qa6+ Qb7=
1/2-1/2

[Event "Nothing out of the ordinary"]
[Site "SchemingMind.com"]
[Date "2006.05.18"]
[Round "-"]
[White "Mitchell-in"]
[Black "gz4bkn"]
[Result "1-0"]
[WhiteCountry "ENG"]
[BlackCountry "USA"]
[WhiteElo "1639"]
[WhiteRD "63"]
[BlackElo "1429"]
[BlackRD "76"]
[GameID "51317"]

1. c4 Nf6 2. Nc3 g6 3. d4 Bg7 4. e4 c5 5. e5 cxd4 6. exf6 Bxf6 7. Nb5 a6 8. Nxd4 e5 9. Ndf3 O-O 10. Ne2 b6
11. Ng3 Nc6 12. Be2 Bb7 13. O-O Ne7 14. Bh6 Re8 15. Re1 d5 16. Rc1 e4 17. Nd4 Rc8 18. cxd5 Bxd5 19. Bxa6 Rxc1 20. Bxc1 Qa8
21. Bb5 Rc8 22. a3 e3 23. Bxe3 Bxg2 24. Bf1 Bd5 25. f3 Nc6 26. Nxc6 Qxc6 27. Bg2 Bxb2 28. Qb1 Qc3 29. Bxb6 Ba2 30. Qe4 Qxa3
31. Bd4 f6 32. Bxb2 Qxb2 33. Bh3 Rc2 34. Qe8+ Kg7 35. Re7+ Kh6 36. Qf8+ Kg5 37. Ne4+ Kf4 38. Qh6+ Kxf3 39. Nd2+ Rxd2 40. Re3#
1-0